| 000 | 00346nam a22001217a 4500 | ||
|---|---|---|---|
| 020 | _a0-333-57242-4 | ||
| 082 | _a658.1 MAN'B | ||
| 100 |
_aBERRY, ANTHONY J , BERRY, ANTHONY J , OTLEY, DAVID _967363 |
||
| 245 | _aMANAGEMENT CONTROL , THEORIES, ISSUES AND PRACTICES | ||
| 260 |
_aLONDON _bMACMILLON _c1995 |
||
| 300 | _aXVII,362P | ||
| 942 | _cBK | ||
| 999 |
_c575162 _d575162 |
||